[Event "4th East Kilbride Weekly Open"]
[Site "East Kilbride"]
[Date "2011.05.19"]
[Round "3"]
[White "Wiltshire, Richard"]
[Black "Mason, Ian"]
[Result "1/2-1/2"]
[WhiteElo "1996"]
[BlackElo "1879"]
[PlyCount "120"]
[EventDate "2011.05.??"]
[EventType "swiss"]
[EventCountry "SCO"]
[SourceDate "2011.06.02"]

1. e4 e5 2. Nf3 Nc6 3. Bb5 a6 4. Bxc6 dxc6 5. d4 exd4 6. Qxd4 Qxd4 7. Nxd4 f6
8. Be3 Bd6 9. Nc3 Ne7 10. O-O-O Ng6 11. Nde2 Bg4 12. h3 Bxe2 13. Nxe2 O-O-O 14.
Nd4 Rhe8 15. f3 Bf4 16. Nf5 Bxe3+ 17. Nxe3 Nf4 18. Rxd8+ Rxd8 19. Rd1 Ne2+ 20.
Kb1 Rxd1+ 21. Nxd1 Kd7 22. c3 Nf4 23. Ne3 g6 24. Kc2 Ke6 25. h4 b6 26. Kd2 Kd7
27. g3 Ne6 28. Ng4 Ke7 29. Ke3 h5 30. Nf2 c5 31. Nd3 c6 32. g4 hxg4 33. fxg4
Kf7 34. e5 f5 35. gxf5 gxf5 36. Nf4 Nc7 37. Kf3 a5 38. c4 a4 39. Ne2 Ne6 40.
Nc3 b5 41. cxb5 Nd4+ 42. Kf4 cxb5 43. h5 Kg7 44. Kg5 c4 45. Nd5 Kh7 46. Nf6+
Kh8 47. e6 Nxe6+ 48. Kxf5 Nd4+ 49. Ke4 Nc6 50. a3 b4 51. axb4 Nxb4 52. Kd4 a3
53. bxa3 Nc2+ 54. Kxc4 Nxa3+ 55. Kd5 Nb5 56. h6 Nc7+ 57. Kd6 Ne8+ 58. Ke7 Nxf6
59. Kxf6 Kh7 60. Kg5 Kh8 1/2-1/2

[Event "4th East Kilbride Weekly Open"]
[Site "East Kilbride"]
[Date "2011.05.19"]
[Round "3"]
[White "Pathi, Vivek"]
[Black "Doyle, Jim"]
[Result "0-1"]
[WhiteElo "1052"]
[BlackElo "1897"]
[PlyCount "114"]
[EventDate "2011.05.??"]
[EventType "swiss"]
[EventCountry "SCO"]
[SourceDate "2011.06.02"]

1. d4 Nf6 2. Nf3 d5 3. e3 c6 4. Nbd2 Bg4 5. c3 Nbd7 6. Bd3 e6 7. O-O Be7 8. c4
Qc7 9. Re1 O-O-O 10. c5 e5 11. Be2 e4 12. h3 exf3 13. Nxf3 Bf5 14. Ng5 Bg6 15.
Bd3 Ne4 16. Nxe4 dxe4 17. Bc4 Nxc5 18. Qg4+ f5 19. Qe2 Na4 20. Be6+ Kb8 21. Qc4
Nb6 22. Qb3 Nd5 23. Bd2 Rd6 24. Bxd5 Rxd5 25. Rec1 Bf7 26. Rc2 Bd6 27. Rac1 Rc5
28. Qa4 Rxc2 29. Rxc2 Qb6 30. Ba5 Qb5 31. Qxb5 cxb5 32. a3 Rc8 33. Rxc8+ Kxc8
34. Kf1 Bc4+ 35. Ke1 b6 36. Bb4 Bxb4+ 37. axb4 Kc7 38. f3 Kd6 39. f4 h5 40. h4
a5 41. Kd2 Kd5 42. Kc3 a4 43. Kc2 Ba2 44. Kc3 g6 45. g3 Bb3 46. Kd2 Kc4 47. Ke2
Kxb4 48. Kd2 Kc4 49. d5 Kxd5 50. Kc3 Kc5 51. Kd2 Kc4 52. Ke2 b4 53. Kd2 b5 54.
Kc1 Kd3 55. Kb1 Kxe3 56. Kc1 Kd3 57. Kb1 e3 0-1

[Event "4th East Kilbride Weekly Open"]
[Site "East Kilbride"]
[Date "2011.05.19"]
[Round "3"]
[White "Marks, Ian A"]
[Black "Smith, Alex"]
[Result "1-0"]
[WhiteElo "1887"]
[BlackElo "983"]
[PlyCount "59"]
[EventDate "2011.05.??"]
[EventType "swiss"]
[EventCountry "SCO"]
[SourceDate "2011.06.02"]

1. e4 d6 2. d4 Nf6 3. Nc3 Nbd7 4. Nf3 e5 5. Bc4 h6 6. O-O Be7 7. Re1 c6 8. a4
b6 9. b3 Bb7 10. dxe5 dxe5 11. Qe2 Qc7 12. Ba3 Bxa3 13. Rxa3 O-O-O 14. Bxf7 g5
15. Raa1 g4 16. Nh4 Rh7 17. Bc4 Kb8 18. Rad1 h5 19. Rd2 Bc8 20. Red1 Ne8 21. b4
Rh6 22. Nf5 Rh7 23. b5 c5 24. Nd5 Qb7 25. Qe3 Rh8 26. Qg5 Ndf6 27. Nxf6 Bxf5
28. Rxd8+ Bc8 29. Qxe5+ Ka8 30. Bd5 1-0

[Event "4th East Kilbride Weekly Open"]
[Site "East Kilbride"]
[Date "2011.05.19"]
[Round "3"]
[White "McKay, Stewart"]
[Black "Smalls, Jim"]
[Result "0-1"]
[WhiteElo "1355"]
[BlackElo "1766"]
[PlyCount "100"]
[EventDate "2011.05.??"]
[EventType "swiss"]
[EventCountry "SCO"]
[SourceDate "2011.06.02"]

1. c4 e5 2. Nc3 Nc6 3. g3 g6 4. Bg2 Bg7 5. Nf3 d6 6. O-O Be6 7. d3 h6 8. a3 Qd7
9. Rb1 f5 10. Qa4 g5 11. Nd5 Nge7 12. e4 f4 13. b4 O-O 14. b5 Nd8 15. Qa5 b6
16. Qd2 Ng6 17. Bb2 c5 18. bxc6 Nxc6 19. Nb4 Nce7 20. Rfc1 Bh3 21. Qd1 fxg3 22.
hxg3 Bxg2 23. Kxg2 Qg4 24. Nh2 Nf4+ 25. Kh1 Qxd1+ 26. Rxd1 Nh3 27. Kg2 a5 28.
Nc2 Rxf2+ 29. Kxh3 Rxc2 30. Bc1 Rf8 31. Be3 Ra2 32. Ra1 Rxa1 33. Rxa1 Rb8 34.
Rb1 Nc8 35. Bd2 a4 36. Ng4 h5 37. Ne3 g4+ 38. Kg2 Bh6 39. Nf1 Bxd2 40. Nxd2 Ne7
41. Nf1 Nc6 42. Nd2 Kf7 43. Rf1+ Ke6 44. Rf5 Rh8 45. Nb1 Nd4 46. Rf2 h4 47.
gxh4 Rxh4 48. Kg3 Rh3+ 49. Kxg4 Rxd3 50. Rd2 Re3 0-1

[Event "4th East Kilbride Weekly Open"]
[Site "East Kilbride"]
[Date "2011.05.19"]
[Round "3"]
[White "Mitchell, Mike"]
[Black "Hilton, Stephen H"]
[Result "0-1"]
[WhiteElo "1379"]
[BlackElo "1751"]
[PlyCount "60"]
[EventDate "2011.05.??"]
[EventType "swiss"]
[EventCountry "SCO"]
[SourceDate "2011.06.02"]

1. d4 Nf6 2. Bg5 c5 3. Bxf6 gxf6 4. e3 Qb6 5. b3 Bg7 6. Nf3 Nc6 7. c3 d6 8.
Nbd2 Bg4 9. Be2 O-O-O 10. Qc2 e6 11. a4 Qc7 12. O-O Kb8 13. Nc4 d5 14. Na3 Qe7
15. dxc5 Qxc5 16. b4 Qe7 17. Nd4 Nxd4 18. exd4 Bf5 19. Bd3 Bg6 20. a5 Rc8 21.
Qd2 h5 22. b5 Bh6 23. Qc2 Rhg8 24. Bxg6 Rxg6 25. Qd3 Rcg8 26. g3 f5 27. f4 h4
28. Rf3 hxg3 29. Rxg3 Bxf4 30. Rxg6 Rxg6+ 0-1

[Event "4th East Kilbride Weekly Open"]
[Site "East Kilbride"]
[Date "2011.05.19"]
[Round "3"]
[White "Gosetti, Piero"]
[Black "MacQueen, Andrew"]
[Result "0-1"]
[WhiteElo "1313"]
[BlackElo "1715"]
[PlyCount "110"]
[EventDate "2011.05.??"]
[EventType "swiss"]
[EventCountry "SCO"]
[SourceDate "2011.06.02"]

1. e4 c5 2. Nf3 d6 3. d4 cxd4 4. Nxd4 Nf6 5. Nc3 g6 6. Be2 Bg7 7. O-O O-O 8. h3
Nc6 9. Nf3 Bd7 10. a3 Rc8 11. Rb1 a6 12. Bg5 Na5 13. Qd2 Nc4 14. Bxc4 Rxc4 15.
Bh6 Nxe4 16. Nxe4 Rxe4 17. Bxg7 Kxg7 18. Rfe1 Rxe1+ 19. Rxe1 Bc6 20. Nh2 h5 21.
Nf1 Qd7 22. Qg5 f6 23. Qd2 Rf7 24. c3 Qf5 25. Ng3 Qd5 26. Qxd5 Bxd5 27. Nf1 Bc6
28. Nd2 e5 29. f3 Rd7 30. Kf2 f5 31. Nf1 Kf6 32. Ne3 d5 33. g4 hxg4 34. hxg4 f4
35. Nc2 Rh7 36. Kg2 e4 37. Nd4 e3 38. Kg1 Ke5 39. Kg2 Bd7 40. Kg1 Rh3 41. Kg2
Rh8 42. Kg1 Rc8 43. Kg2 Rc4 44. Kg1 a5 45. Kg2 b5 46. Nb3 a4 47. Nd2 Rc8 48.
Nb1 Be6 49. Kg1 d4 50. cxd4+ Kxd4 51. Nc3 Bc4 52. Kg2 Kd3 53. Re2 Bb3 54. Kf1
g5 55. Ke1 Rh8 0-1

[Event "4th East Kilbride Weekly Open"]
[Site "East Kilbride"]
[Date "2011.05.19"]
[Round "3"]
[White "Reilly, Andrew"]
[Black "Thomas, Daniel"]
[Result "0-1"]
[WhiteElo "803"]
[BlackElo "1431"]
[PlyCount "60"]
[EventDate "2011.05.??"]
[EventType "swiss"]
[EventCountry "SCO"]
[SourceDate "2011.06.02"]

1. e4 d5 2. exd5 Qxd5 3. Nf3 Bg4 4. Nc3 Qe6+ 5. Qe2 Qxe2+ 6. Bxe2 c6 7. O-O Nd7
8. h3 Bh5 9. Nd4 Bxe2 10. Ndxe2 e6 11. d3 Ngf6 12. Bg5 Bd6 13. Bxf6 Nxf6 14.
Ne4 Nxe4 15. dxe4 Ke7 16. b3 Be5 17. Rad1 Rhd8 18. Rxd8 Rxd8 19. f4 Bc7 20. f5
Bb6+ 21. Kh2 Rd2 22. Nc1 Rxc2 23. fxe6 fxe6 24. Re1 Bf2 25. Rd1 Be3 26. Nd3
Rxa2 27. Ne5 Bf4+ 28. Kh1 Bxe5 29. Rd3 Ra1+ 30. Rd1 Rxd1# 0-1

[Event "4th East Kilbride Weekly Open"]
[Site "East Kilbride"]
[Date "2011.05.19"]
[Round "3"]
[White "Congalton, David"]
[Black "Thomas, Phil"]
[Result "0-1"]
[WhiteElo "1287"]
[BlackElo "1811"]
[PlyCount "70"]
[EventDate "2011.05.??"]
[EventType "swiss"]
[EventCountry "SCO"]
[SourceDate "2011.06.02"]

1. e4 c5 2. Nf3 Nc6 3. d4 cxd4 4. Nxd4 e5 5. Nf3 Nf6 6. Bd3 d5 7. exd5 Nxd5 8.
O-O Be7 9. Nbd2 O-O 10. a3 Nf4 11. Bc4 Bg4 12. Qe1 Bf6 13. Qe4 Qd7 14. Nb3 Bf5
15. Qe1 Bxc2 16. Bxf4 exf4 17. Qc1 Qf5 18. Ra2 Rad8 19. Nbd2 g5 20. b4 Ba4 21.
h3 h5 22. Re1 g4 23. hxg4 hxg4 24. Nh2 Rd4 25. Nb3 Bxb3 26. Bxb3 Rfd8 27. Bc2
Qd5 28. Qb1 f3 29. g3 Rd2 30. Bh7+ Kg7 31. Rxd2 Qxd2 32. Nxg4 Bc3 33. Rf1 Nd4
34. Kh2 Rh8 35. Rd1 Qg5 0-1

[Event "4th East Kilbride Weekly Open"]
[Site "East Kilbride"]
[Date "2011.05.19"]
[Round "3"]
[White "McLachlan, Ian"]
[Black "Melvin, John"]
[Result "1-0"]
[WhiteElo "1693"]
[BlackElo "1226"]
[PlyCount "85"]
[EventDate "2011.05.??"]
[EventType "swiss"]
[EventCountry "SCO"]
[SourceDate "2011.06.02"]

1. d4 d5 2. Bf4 Nf6 3. e3 e6 4. Nf3 Bd6 5. Ne5 Be7 6. Bd3 Nbd7 7. Nd2 Nf8 8. h3
Ng6 9. Nxg6 fxg6 10. Nf3 Ne4 11. O-O Bd6 12. Ne5 Qf6 13. Qe2 c6 14. c4 Bxe5 15.
Bxe5 Qf7 16. Bxe4 dxe4 17. Qc2 Rg8 18. Qxe4 Qf5 19. Qb1 b6 20. Qc1 Bb7 21. c5
Rd8 22. cxb6 axb6 23. Bc7 Rd7 24. Bxb6 Qd5 25. Bc5 Kf7 26. Rd1 Re8 27. a4 Ba6
28. b4 Rb7 29. Qc2 Qf5 30. e4 Qf6 31. Ra3 Kg8 32. Rf3 Qd8 33. Qb3 Be2 34. a5
Bxd1 35. Qxd1 Rf7 36. a6 Rxf3 37. Qxf3 Qc8 38. a7 Qa6 39. Qf4 Qb7 40. Qd6 Qc8
41. Bb6 Qb7 42. Qc7 Qxc7 43. Bxc7 {no more moves...} 1-0

[Event "4th East Kilbride Weekly Open"]
[Site "East Kilbride"]
[Date "2011.05.19"]
[Round "3"]
[White "Howie, Colin"]
[Black "Brownlee, Ian"]
[Result "0-1"]
[WhiteElo "1209"]
[BlackElo "1661"]
[PlyCount "88"]
[EventDate "2011.05.??"]
[EventType "swiss"]
[EventCountry "SCO"]
[SourceDate "2011.06.02"]

1. e4 d6 2. d4 Nf6 3. Nc3 g6 4. Nf3 Bg7 5. Bc4 O-O 6. O-O c6 7. a3 b5 8. Ba2 a5
9. Re1 Qc7 10. Bg5 Bg4 11. h3 Bxf3 12. Qxf3 Nbd7 13. Rad1 b4 14. Nb1 e5 15. c3
Qb7 16. Rd2 b3 17. Bxb3 Qxb3 18. Bxf6 Bxf6 19. dxe5 Bxe5 20. Rde2 Bg7 21. Rd2
Ne5 22. Qg3 Rfd8 23. f4 Nc4 24. Rf2 Nxb2 25. f5 Nc4 26. fxg6 fxg6 27. Qf4 Rf8
28. Qc1 Qb6 29. Ref1 Rf7 30. Qe1 Raf8 31. Nd2 Nxd2 32. Qxd2 Rxf2 33. Rxf2 Qxf2+
34. Qxf2 Rxf2 35. Kxf2 Bxc3 36. Ke3 c5 37. Kd3 Bd4 38. Kc4 Kg7 39. Kd5 Kf6 40.
Kc4 Ke5 41. Kd3 a4 42. g3 Bb2 43. Ke3 Bxa3 44. Kd2 Kxe4 0-1

[Event "4th East Kilbride Weekly Open"]
[Site "East Kilbride"]
[Date "2011.05.19"]
[Round "3"]
[White "Dunlop, Anthony"]
[Black "Thomas, Jacqui"]
[Result "1-0"]
[WhiteElo "1648"]
[BlackElo "1201"]
[PlyCount "79"]
[EventDate "2011.05.??"]
[EventType "swiss"]
[EventCountry "SCO"]
[SourceDate "2011.06.02"]

1. f4 g6 2. Nf3 Bg7 3. c4 e6 4. Nc3 Ne7 5. e3 O-O 6. Be2 d5 7. cxd5 Nxd5 8. Qb3
Nxc3 9. bxc3 b6 10. O-O Bb7 11. Ba3 c5 12. Rad1 Nd7 13. d4 Qc7 14. Bb5 Bc6 15.
Be2 Rab8 16. Ng5 Bd5 17. c4 Ba8 18. d5 exd5 19. cxd5 Nf6 20. Bc4 Rbd8 21. d6
Qb7 22. Rf2 Rd7 23. Bb2 h6 24. Bxf6 Bxf6 25. Nf3 Qb8 26. Ne5 Bxe5 27. fxe5 Bc6
28. Rf6 Be4 29. Rdf1 Qe8 30. e6 Bf5 31. e7 Rxe7 32. dxe7 Qxe7 33. g4 Qxf6 34.
gxf5 gxf5 35. Rf2 Kh7 36. Qc2 Rg8+ 37. Kf1 Qa1+ 38. Ke2 Qe5 39. Rxf5 Qg7 40.
Rxf7+ 1-0

[Event "4th East Kilbride Weekly Open"]
[Site "East Kilbride"]
[Date "2011.05.19"]
[Round "3"]
[White "McCusker, Andrew"]
[Black "Murray, Frankie"]
[Result "0-1"]
[WhiteElo "1168"]
[BlackElo "1635"]
[PlyCount "126"]
[EventDate "2011.05.??"]
[EventType "swiss"]
[EventCountry "SCO"]
[SourceDate "2011.06.02"]

1. d4 Nf6 2. Nf3 e6 3. Bg5 h6 4. Bh4 g5 5. Bg3 Ne4 6. e3 Nxg3 7. hxg3 Bg7 8. c3
d6 9. Nbd2 Nc6 10. Bd3 Qe7 11. Qc2 Bd7 12. O-O-O O-O-O 13. Ng1 f5 14. Ne2 Rdf8
15. f3 e5 16. d5 Nd8 17. e4 f4 18. g4 b6 19. c4 Nb7 20. Nc3 Nc5 21. Be2 a5 22.
a3 a4 23. Rde1 Kb7 24. Nd1 Ra8 25. Nf2 Ra5 26. Nd3 Nxd3+ 27. Bxd3 Rha8 28. Qc3
Qe8 29. Kb1 Rc5 30. b4 axb3 31. Nxb3 Rca5 32. Nxa5+ Rxa5 33. Ka2 Qa8 34. Rb1
Rc5 35. Rb4 Kc8 36. Qb3 Bf8 37. Kb2 Ra5 38. Ra1 Qa7 39. Kc1 b5 40. Ra2 Qe3+ 41.
Kb2 Qf2+ 42. Qc2 Qd4+ 43. Kb3 bxc4+ 44. Qxc4 Qg1 45. a4 Rc5 46. Qa6+ Kd8 47.
Rc4 Qd1+ 48. Bc2 Qe2 49. Qa8+ Ke7 50. Rxc5 dxc5 51. Qa5 c4+ 52. Kb2 Qxg2 53.
Qc3 Kf6 54. a5 Bc5 55. Qxc4 Bd4+ 56. Kb3 Qxf3+ 57. Kb4 Qxg4 58. Qxc7 f3 59. Bd1
Qxe4 60. Bxf3 Qb1+ 61. Ka3 Qd3+ 62. Kb4 Qb5+ 63. Ka3 Qa4# 0-1

[Event "4th East Kilbride Weekly Open"]
[Site "East Kilbride"]
[Date "2011.05.19"]
[Round "3"]
[White "Johnstone, David"]
[Black "McCulloch, Andrew"]
[Result "1-0"]
[WhiteElo "1611"]
[BlackElo "1023"]
[PlyCount "75"]
[EventDate "2011.05.??"]
[EventType "swiss"]
[EventCountry "SCO"]
[SourceDate "2011.06.02"]

1. e4 e6 2. d4 d5 3. exd5 exd5 4. Bf4 Nf6 5. Nc3 Be7 6. Qd3 O-O 7. O-O-O a5 8.
Be2 Bb4 9. Bf3 c6 10. h4 Bxc3 11. Qxc3 Re8 12. Nh3 b5 13. g4 Bxg4 14. Bxg4 Nxg4
15. Qg3 Nf6 16. Rdg1 g6 17. Bh6 Nbd7 18. Qf3 Re4 19. h5 Nxh5 20. Qxh5 Rh4 21.
Qg5 Qxg5+ 22. Bxg5 Re4 23. Be3 Rae8 24. Ng5 R4e7 25. Rxh7 f6 26. Rxe7 Rxe7 27.
Nh3 g5 28. Kd2 Rg7 29. Kc3 g4 30. Nf4 Kf7 31. Nd3 f5 32. Ne5+ Nxe5 33. dxe5 Ke6
34. Bf4 c5 35. Rh1 Rf7 36. Rh6+ Ke7 37. Ra6 Rh7 38. Ra7+ 1-0

[Event "4th East Kilbride Weekly Open"]
[Site "East Kilbride"]
[Date "2011.05.19"]
[Round "3"]
[White "Glen, Hamish"]
[Black "Perrie, Bill"]
[Result "1-0"]
[WhiteElo "1587"]
[BlackElo "1011"]
[PlyCount "123"]
[EventDate "2011.05.??"]
[EventType "swiss"]
[EventCountry "SCO"]
[SourceDate "2011.06.02"]

1. e4 e6 2. d4 d5 3. Nc3 Bb4 4. e5 c5 5. a3 Bxc3+ 6. bxc3 Ne7 7. Qg4 Qc7 8.
Qxg7 Rg8 9. Qxh7 cxd4 10. Ne2 dxc3 11. f4 Nbc6 12. Qd3 d4 13. Nxd4 Nxd4 14.
Qxd4 Bd7 15. g3 Nf5 16. Qc4 Qxc4 17. Bxc4 Bc6 18. Rf1 Nd4 19. Rf2 O-O-O 20. Be3
Kb8 21. Bd3 Rh8 22. Bxd4 Rxd4 23. Rb1 Be4 24. Bxe4 Rxe4+ 25. Kf1 Rd8 26. Re1
Ra4 27. Ra1 Rad4 28. Re1 Rd2 29. Rxd2 Rxd2 30. Re2 Rd1+ 31. Kf2 Rd4 32. Re3
Rd2+ 33. Re2 Rd5 34. h4 Kc7 35. h5 Kd7 36. h6 Ke7 37. Kf3 Kf8 38. Re3 Rc5 39.
Rd3 Rc8 40. g4 Kg8 41. g5 Rc7 42. Ke4 Kh7 43. Kd4 Rd7+ 44. Kxc3 Rc7+ 45. Kd2
Rc4 46. Rf3 b5 47. f5 Rd4+ 48. Kc3 Rc4+ 49. Kd3 Ra4 50. Kd2 Rd4+ 51. Kc1 exf5
52. Rxf5 Kg6 53. Rf6+ Kxg5 54. h7 Rh4 55. Rxf7 Kg6 56. Rxa7 Rxh7 57. Rxh7 Kxh7
58. Kd2 Kg6 59. Ke3 Kf5 60. Kd4 Ke6 61. c3 Kd7 62. Kd5 1-0

[Event "4th East Kilbride Weekly Open"]
[Site "East Kilbride"]
[Date "2011.05.19"]
[Round "3"]
[White "Howie, Derek"]
[Black "Brisbane, Tom"]
[Result "1/2-1/2"]
[WhiteElo "1007"]
[BlackElo "1541"]
[PlyCount "48"]
[EventDate "2011.05.??"]
[EventType "swiss"]
[EventCountry "SCO"]
[SourceDate "2011.06.02"]

1. d4 Nf6 2. c4 g6 3. Nc3 Bg7 4. Nf3 O-O 5. Bg5 d6 6. e3 Nbd7 7. Bd3 c5 8. O-O
Re8 9. Re1 h6 10. Bxf6 Nxf6 11. h3 b6 12. Qc2 cxd4 13. Nxd4 Bb7 14. Ne4 Bxe4
15. Bxe4 Nxe4 16. Qxe4 Rc8 17. b3 Qc7 18. Rad1 Bxd4 19. Rxd4 Qc6 20. Qxc6 Rxc6
21. Rd5 f6 22. Red1 Rec8 23. f3 Rc5 24. e4 Kf7 1/2-1/2

[Event "4th East Kilbride Weekly Open"]
[Site "East Kilbride"]
[Date "2011.05.19"]
[Round "3"]
[White "MacKenzie, Ian"]
[Black "MacGregor, Alasdair"]
[Result "1/2-1/2"]
[WhiteElo "1444"]
[BlackElo "980"]
[PlyCount "87"]
[EventDate "2011.05.??"]
[EventType "swiss"]
[EventCountry "SCO"]
[SourceDate "2011.06.02"]

1. c4 Nf6 2. Nc3 e6 3. e4 d5 4. e5 Ne4 5. d4 Bb4 6. Qc2 c5 7. cxd5 Qxd5 8. Bd2
Bxc3 9. Bxc3 O-O 10. Nf3 Nc6 11. dxc5 Nxc3 12. Qxc3 Qe4+ 13. Be2 b6 14. Qd3
Qxd3 15. Bxd3 Nb4 16. Be4 Ba6 17. a3 Nd5 18. cxb6 axb6 19. Rd1 Rac8 20. Nd4
Rfd8 21. g3 f5 22. Bd3 Bxd3 23. Rxd3 Rc1+ 24. Rd1 Rdc8 25. Kd2 R1c4 26. Kd3 Ne7
27. Rd2 R4c5 28. f4 b5 29. Rc2 Rxc2 30. Nxc2 Rd8+ 31. Ke2 Nc6 32. Rd1 Rc8 33.
Ne3 Na5 34. Rd2 Nb3 35. Rd6 Kf7 36. Kd1 Rc1+ 37. Ke2 Rb1 38. Rd7+ Kf8 39. Nd1
Rc1 40. Rd6 Rc2+ 41. Kd3 Rc1 42. Ke3 Ke7 43. Rd3 Nc5 44. Rc3 1/2-1/2

[Event "4th East Kilbride Weekly Open"]
[Site "East Kilbride"]
[Date "2011.05.19"]
[Round "3"]
[White "Jenkins, Ciaran"]
[Black "Robertson, Jim"]
[Result "0-1"]
[WhiteElo "943"]
[BlackElo "1409"]
[PlyCount "101"]
[EventDate "2011.05.??"]
[EventType "swiss"]
[EventCountry "SCO"]
[SourceDate "2011.06.02"]

1. c4 e6 2. Nf3 d5 3. g3 c6 4. Qc2 f5 5. d4 Nf6 6. Bg2 Be7 7. O-O O-O 8. Nbd2
Ne4 9. Nxe4 fxe4 10. Nd2 Nd7 11. b3 Nf6 12. c5 b5 13. b4 a5 14. Qc3 axb4 15.
Qxb4 Qa5 16. Qxa5 Rxa5 17. Nb3 Ra4 18. Bd2 Bd8 19. Rfc1 Bc7 20. e3 e5 21. Bc3
Ng4 22. Rc2 exd4 23. exd4 e3 24. fxe3 Nxe3 25. Re2 Nxg2 26. Rxg2 Bd8 27. Rf2
Rxf2 28. Kxf2 Ra7 29. Nd2 Bh3 30. Nf3 Rf7 31. Bd2 Bg4 32. Bf4 Bxf3 33. Kxf3 g5
34. Re1 gxf4 35. Re8+ Rf8 36. Rxf8+ Kxf8 37. Kxf4 Kf7 38. h4 h5 39. Ke5 Bc7+
40. Kf5 Bxg3 41. Kg5 Bf2 42. Kxh5 Bxd4 43. Kg5 Bxc5 44. Kh6 Ke6 45. Kg7 Be3 46.
h5 d4 47. h6 d3 48. a4 bxa4 49. Kg8 Bxh6 50. Kh8 d2 51. Kg8 0-1

[Event "4th East Kilbride Weekly Open"]
[Site "East Kilbride"]
[Date "2011.05.19"]
[Round "3"]
[White "Denham, Paul"]
[Black "Wynne, Stuart"]
[Result "1-0"]
[WhiteElo "1406"]
[BlackElo "861"]
[PlyCount "71"]
[EventDate "2011.05.??"]
[EventType "swiss"]
[EventCountry "SCO"]
[SourceDate "2011.06.02"]

1. d4 Nf6 2. Nf3 c5 3. e3 d6 4. c3 b6 5. Bd3 g6 6. Nbd2 Bb7 7. O-O Nbd7 8. Re1
Bg7 9. a4 a5 10. Bb5 O-O 11. Nf1 Qc7 12. Ng3 Ne4 13. Nxe4 Bxe4 14. Bd3 Bxd3 15.
Qxd3 Rfe8 16. Qc4 e5 17. dxe5 Nxe5 18. Qd5 Nxf3+ 19. Qxf3 Rac8 20. Bd2 Qc6 21.
Qxc6 Rxc6 22. e4 Re6 23. Bf4 Be5 24. Bh6 Rc8 25. f3 Rce8 26. Rad1 Rd8 27. h3 f6
28. Be3 g5 29. Kf1 Rb8 30. Kf2 h5 31. g3 b5 32. axb5 Rxb5 33. Re2 f5 34. exf5
Rf6 35. g4 h4 36. Bxg5 1-0

[Event "4th East Kilbride Weekly Open"]
[Site "East Kilbride"]
[Date "2011.05.19"]
[Round "3"]
[White "Thomson, George"]
[Black "Thomson, Peter"]
[Result "1/2-1/2"]
[WhiteElo "1548"]
[BlackElo "1367"]
[PlyCount "58"]
[EventDate "2011.05.??"]
[EventType "swiss"]
[EventCountry "SCO"]
[SourceDate "2011.06.02"]

1. d4 Nf6 2. Bg5 e6 3. e4 Be7 4. e5 Nd5 5. Bxe7 Qxe7 6. c3 c5 7. a3 Nc6 8. Nf3
b6 9. Qd2 Bb7 10. Bc4 Na5 11. Ba2 c4 12. O-O O-O 13. Qg5 Qxg5 14. Nxg5 Nf4 15.
f3 f5 16. Nd2 b5 17. Bb1 h6 18. Nh3 Nxh3+ 19. gxh3 Nc6 20. Bc2 Ne7 21. Rf2 Nd5
22. f4 a5 23. Re1 Rac8 24. Bd1 b4 25. Bf3 bxc3 26. bxc3 Rc7 27. Bxd5 Bxd5 28.
Rb1 g5 29. Rb2 Rf7 1/2-1/2

[Event "4th East Kilbride Weekly Open"]
[Site "East Kilbride"]
[Date "2011.05.19"]
[Round "3"]
[White "Pathi, Brogan"]
[Black "Potts, David"]
[Result "0-1"]
[WhiteElo "903"]
[BlackElo "1477"]
[PlyCount "79"]
[EventDate "2011.05.??"]
[EventType "swiss"]
[EventCountry "SCO"]
[SourceDate "2011.06.02"]

1. d4 d5 2. Nf3 e6 3. e3 Nf6 4. Nbd2 g6 5. Bd3 Bg7 6. O-O O-O 7. b3 b6 8. Bb5
Nbd7 9. Ba3 Re8 10. Ne5 Bb7 11. Qf3 Nxe5 12. dxe5 Nd7 13. c4 Nxe5 14. Qf4 c6
15. Ba4 a6 16. b4 dxc4 17. Rad1 Nd3 18. Qxc4 b5 19. Qe4 Qd5 20. Qxd5 exd5 21.
Bc2 Ne5 22. e4 Nc4 23. Nxc4 dxc4 24. Rd6 a5 25. Bb1 axb4 26. Bxb4 Bf8 27. Rxg6+
hxg6 28. Bxf8 Kxf8 29. f3 Red8 30. f4 Bc8 31. f5 g5 32. e5 Ke7 33. f6+ Kf8 34.
Bc2 Rxa2 35. Be4 Be6 36. Bxc6 b4 37. Rf3 Ra1+ 38. Rf1 Rxf1+ 39. Kxf1 c3 40. Be4
0-1

[Event "4th East Kilbride Weekly Open"]
[Site "East Kilbride"]
[Date "2011.05.19"]
[Round "3"]
[White "Johnston, Jim"]
[Black "Lynn, Henry"]
[Result "1-0"]
[WhiteElo "1416"]
[BlackElo "1037"]
[PlyCount "131"]
[EventDate "2011.05.??"]
[EventType "swiss"]
[EventCountry "SCO"]
[SourceDate "2011.06.02"]

1. d4 d5 2. Nf3 Nf6 3. e3 Bg4 4. Nbd2 e6 5. c4 c6 6. Qb3 Qc8 7. cxd5 cxd5 8.
Bb5+ Nbd7 9. Ne5 Bf5 10. Qa4 a6 11. Nxd7 Nxd7 12. Bxd7+ Qxd7 13. Qxd7+ Kxd7 14.
O-O Bd6 15. Nb3 b6 16. Bd2 Rhc8 17. Bc3 f6 18. Rac1 e5 19. dxe5 fxe5 20. Rfd1
Be6 21. Nd2 Ke7 22. a3 g5 23. Nf3 Kf6 24. h3 h6 25. Nh2 h5 26. g4 hxg4 27.
Nxg4+ Bxg4 28. hxg4 Ke6 29. Rc2 Bc5 30. Rcd2 Rd8 31. b4 Be7 32. Kg2 Bf6 33. Kg3
Rd7 34. f3 Rad8 35. Kf2 d4 36. exd4 exd4 37. Re1+ Kf7 38. Bb2 Re7 39. Rd3 Rxe1
40. Kxe1 Rd5 41. Kd2 Ke6 42. Kc2 b5 43. Kb3 Kd6 44. Bc1 Be5 45. Bxg5 Ke6 46.
Bd2 Rd8 47. Be1 Bf4 48. Bf2 Be5 49. Bh4 Rc8 50. Be1 Rd8 51. Bd2 Rd7 52. Kc2 Rd8
53. Kd1 Rd7 54. Ke2 Rd8 55. f4 Bg7 56. Kf3 Kd5 57. f5 Rf8 58. Kf4 Be5+ 59. Kf3
Bd6 60. Bc3 Be5 61. Bd2 Bd6 62. Bh6 Rf7 63. Bf4 Be5 64. Be3 Rf6 65. Bf2 Kc4 66.
Ke4 1-0

[Event "4th East Kilbride Weekly Open"]
[Site "East Kilbride"]
[Date "2011.05.19"]
[Round "3"]
[White "Pathi, Rowan"]
[Black "Airlie, Bernard"]
[Result "0-1"]
[WhiteElo "776"]
[BlackElo "1092"]
[PlyCount "70"]
[EventDate "2011.05.??"]
[EventType "swiss"]
[EventCountry "SCO"]
[SourceDate "2011.06.02"]

1. d4 Nf6 2. Nf3 d5 3. Nbd2 e6 4. e3 c5 5. c3 Bd6 6. h3 O-O 7. Bd3 Nbd7 8. O-O
c4 9. Bc2 b5 10. Re1 Bb7 11. e4 e5 12. a3 Re8 13. dxe5 Nxe5 14. Rb1 Qc7 15. a4
a6 16. exd5 Bxd5 17. Be4 Nxe4 18. Nxe4 Rad8 19. Bf4 Nd3 20. Nxd6 Nxe1 21. Nxe8
Nxf3+ 22. gxf3 Qxf4 23. Qe1 Qxf3 24. Kf1 Qg2+ 25. Ke2 Rxe8+ 26. Kd2 Rxe1 27.
Rxe1 Kf8 28. axb5 axb5 29. Kc1 Qxf2 30. Re5 Qf4+ 31. Kb1 Qxe5 32. h4 Qe4+ 33.
Ka2 Qc2 34. Ka1 Be4 35. Ka2 Qa4# 0-1

[Event "4th East Kilbride Weekly Open"]
[Site "East Kilbride"]
[Date "2011.05.19"]
[Round "3"]
[White "Jack, Rebekah"]
[Black "Spence, Barney"]
[Result "1/2-1/2"]
[WhiteElo "625"]
[BlackElo "1004"]
[PlyCount "36"]
[EventDate "2011.05.??"]
[EventType "swiss"]
[EventCountry "SCO"]
[SourceDate "2011.06.02"]

1. e4 e5 2. Nf3 Nc6 3. Bb5 a6 4. Bxc6 dxc6 5. Nxe5 Nf6 6. O-O Bd6 7. Nc4 Bc5 8.
d4 Bxd4 9. Bg5 Bxb2 10. Qxd8+ Kxd8 11. Bxf6+ Bxf6 12. c3 Be6 13. Nba3 Bxc3 14.
Rac1 Bb4 15. Rfd1+ Ke7 16. Rd3 b5 17. Ne5 Bxa3 18. Rxa3 Bd7 1/2-1/2